| 000 | 00741nam a22002297a 4500 | ||
|---|---|---|---|
| 005 | 20170123162306.0 | ||
| 010 | _aB-077911 | ||
| 020 | _c60.00 | ||
| 035 | _aB-077911 | ||
| 037 | _bCen Lib/Ret | ||
| 040 |
_aDPL _bUR |
||
| 082 |
_a841.08 _bج ا ے |
||
| 100 |
_aجیسی، کبیر احمد _9376 |
||
| 245 |
_aحافظ - شخص اور شعار _bکبیر احمد جیسی |
||
| 246 |
_aHafiz - shakhs aur shayar / _bby Kabeer Ahmad Shaayr |
||
| 260 |
_aپٹنہ _bخدا بخش اورینٹڈ پبلک لائبریری _c2001 |
||
| 270 | _bپٹنہ | ||
| 300 |
_a143p. _c21cm(pbk) |
||
| 650 |
_a اردو ادب _v _9110786 |
||
| 650 |
_aUrdu literature _9110787 |
||
| 942 |
_2ddc _cUR _h841.08 _mج ا ے |
||
| 999 |
_c106328 _d106328 |
||